200k+ First-Level Subdivisions of Europe on a Map - Statistics

General Stats
  • This quiz has been taken 431 times
    207 since last reset
  • The average score is 191 of 415
Answers on the Map
Answers color-coded by a green-red scale on the quiz's map according to % correct below.
 
Answer Stats
Country Type Subdivision % Correct
Denmark 2025 E Region North Jutland
96%
Ireland 2022 C City Dublin
92%
United Kingdom 2021 C Country England
92%
Denmark 2025 E Region Southern Denmark
92%
France 2022 E Region Brittany
88%
Denmark 2025 E Region Central Denmark
88%
Finland 2024 E Region Central Finland
88%
Ireland 2022 C City | County Cork
88%
France 2022 E Region Normandy
88%
United Kingdom 2021 C Province Northern Ireland
88%
United Kingdom 2021 C Country Scotland
88%
Greece 2021 C Administration Thessaly and Central Greece
88%
United Kingdom 2021 C Country Wales
88%
Belgium 2025 E Region Brussels-Capital Region
85%
France 2022 E Region Corsica
85%
Ireland 2022 C City-County Limerick
85%
Greece 2021 C Administration Peloponnese, Western Greece and the Ionian
85%
Kazakhstan 2023 E Region West Kazakhstan
85%
Denmark 2025 E Region Zealand
85%
Spain 2024 Ev Community Balearic Islands
81%
Germany 2024 E State Berlin
81%
Germany 2024 E State Bremen
81%
Spain 2024 Ev Community Catalonia
81%
Germany 2024 E State Hamburg
81%
France 2022 E Region Île-de-France
81%
France 2022 E Region Provence-Alpes-Côte d'Azur
81%
Netherlands 2025 E Province Zeeland
81%
Greece 2021 C Administration Attica
77%
Switzerland 2024 E Canton Basel-Landschaft
77%
Switzerland 2024 E Canton Basel-Stadt
77%
Spain 2024 Ev Community Basque
77%
Germany 2024 E State Bavaria
77%
France 2022 E Region Bourgogne-Franche-Comté
77%
Germany 2024 E State Brandenburg
77%
Denmark 2025 E Region Capital Region
77%
Belgium 2025 E Region Flanders
77%
Italy 2025 E Region Friuli-Venezia Giulia
77%
Spain 2024 Ev Community Madrid
77%
Netherlands 2025 E Province North Holland
77%
Czech Republic 2021 C Region Prague
77%
Italy 2025 E Region Sardinia
77%
Germany 2024 E State Saxony
77%
Italy 2025 E Region Sicily
77%
Netherlands 2025 E Province South Holland
77%
Italy 2025 E Region Tuscany
77%
Spain 2024 Ev Community Valencia
77%
Belgium 2025 E Region Wallonia
77%
Spain 2024 Ev Community Andalusia
73%
Spain 2024 Ev Community Aragon
73%
Hungary 2022 C County Budapest
73%
Spain 2024 Ev Community Castile and León
73%
France 2022 E Region Centre-Val de Loire
73%
Greece 2021 C Administration Crete
73%
Ukraine 2022 E Autonomous Republic Crimea
73%
Spain 2024 Ev Community Galicia
73%
France 2022 E Region Grand Est
73%
Russia 2024 E Region Kaliningrad
73%
Portugal 2021 C District Lisbon
73%
Germany 2024 E State Lower Saxony
73%
Belarus 2023 E City | Region Minsk
73%
Russia 2024 E City | Region Moscow
73%
Germany 2024 E State North Rhine-Westphalia
73%
Portugal 2021 C District Porto
73%
Germany 2024 E State Saarland
73%
Russia 2024 E City Saint Petersburg
73%
Netherlands 2025 E Province Utrecht
73%
Lithuania 2024 E County Vilnius
73%
Switzerland 2024 E Canton Zürich
73%
France 2022 E Region Auvergne-Rhône-Alpes
69%
Germany 2024 E State Baden-Württemberg
69%
Serbia 2022 C City Belgrade
69%
Switzerland 2024 E Canton Bern
69%
Ukraine 2022 E Region Donetsk
69%
France 2022 E Region Hauts-de-France
69%
Turkey 2022 E Province Istanbul
69%
Ukraine 2022 E Region Kiev
69%
Ukraine 2022 E City Kyiv
69%
Slovenia 2025 E Unit Ljubljana
69%
Germany 2024 E State Mecklenburg-Vorpommern
69%
France 2022 E Region Nouvelle-Aquitaine
69%
France 2022 E Region Occitanie
69%
Ukraine 2022 E Region Odessa
69%
Norway 2025 E County Oslo
69%
France 2022 E Region Pays de la Loire
69%
Bosnia and Herzegovina 2022 E Division Republika Srpska
69%
Austria 2025 E State Salzburg
69%
Germany 2024 E State Saxony-Anhalt
69%
Germany 2024 E State Schleswig-Holstein
69%
Sweden 2024 E County Stockholm
69%
Albania 2023 C County Tiranë
69%
Austria 2025 E State Vienna
69%
Croatia 2023 E City | County Zagreb
69%
Spain 2024 Ev Community Asturias
65%
Portugal 2021 C Region Azores
65%
Slovakia 2023 E Region Bratislava
65%
Romania 2024 E Municipality Bucharest
65%
Italy 2025 E Region Calabria
65%
Spain 2024 Ev Community Castilla-La Mancha
65%
Moldova 2024 C Municipality Chișinău
65%
Bosnia and Herzegovina 2022 E Division Federation of Bosnia and Herzegovina
65%
Switzerland 2024 E Canton Geneva
65%
Germany 2024 E State Hesse
65%
Ukraine 2022 E Region Kharkiv
65%
Italy 2025 E Region Lazio
65%
Poland 2023 E Province Łódź
65%
Italy 2025 E Region Lombardy
65%
Greece 2021 C Administration Macedonia and Thrace
65%
Czech Republic 2021 C Region Moravia-Silesia
65%
Germany 2024 E State Rhineland-Palatinate
65%
Bulgaria 2024 E Province Sofia
65%
Bulgaria 2024 E Province Sofia City
65%
Croatia 2023 E County Split-Dalmatia
65%
Germany 2024 E State Thuringia
65%
Austria 2025 E State Tyrol
65%
Russia 2024 E Region Arkhangelsk
62%
Portugal 2021 C District Braga
62%
Belarus 2023 E Region Brest
62%
Spain 2024 Ev Community Extremadura
62%
Belarus 2023 E Region Gomel
62%
Russia 2024 E Republic Karelia
62%
Lithuania 2024 E County Kaunas
62%
Poland 2023 E Province Kuyavia-Pomerania
62%
Russia 2024 E Region Leningrad
62%
Italy 2025 E Region Liguria
62%
Ukraine 2022 E Region Luhansk
62%
Ukraine 2022 E Region Lviv
62%
Spain 2024 Ev Community Murcia
62%
Russia 2024 E Region Murmansk
62%
Russia 2024 E Region Nizhny Novgorod
62%
Italy 2025 E Region Piedmont
62%
Poland 2023 E Province Pomerania
62%
Russia 2024 E Region Samara
62%
Ukraine 2022 E City Sevastopol
62%
Russia 2024 E Region Smolensk
62%
Moldova 2024 C Unit Transnistria
62%
Italy 2025 E Region Trentino-South Tyrol
62%
Russia 2024 E Region Vladimir
62%
Russia 2024 E Region Volgograd
62%
Russia 2024 E Region Voronezh
62%
Greece 2021 C Administration Aegean
58%
Italy 2025 E Region Apulia
58%
Russia 2024 E Region Bryansk
58%
Russia 2024 E Republic Chechnya
58%
Russia 2024 E Republic Dagestan
58%
Ukraine 2022 E Region Dnipropetrovsk
58%
Italy 2025 E Region Emilia-Romagna
58%
Belarus 2023 E Region Grodno
58%
Ukraine 2022 E Region Ivano-Frankivsk
58%
Spain 2024 Ev Community La Rioja
58%
Spain 2024 Ev Community Navarre
58%
Russia 2024 E Region Pskov
58%
Russia 2024 E Region Rostov
58%
Italy 2025 E Region Veneto
58%
Italy 2025 E Region Abruzzo
54%
Italy 2025 E Region Basilicata
54%
Italy 2025 E Region Campania
54%
Spain 2024 Ev Community Cantabria
54%
Poland 2023 E Province Greater Poland
54%
Lithuania 2024 E County Klaipėda
54%
Russia 2024 E Territory Krasnodar
54%
Russia 2024 E Region Kursk
54%
Austria 2025 E State Lower Austria
54%
Poland 2023 E Province Lublin
54%
Italy 2025 E Region Molise
54%
Russia 2024 E Republic North Ossetia-Alania
54%
Russia 2024 E Territory Perm
54%
Bulgaria 2024 E Province Plovdiv
54%
Czech Republic 2021 C Region Plzeň
54%
Kosovo 2024 C District Pristina
54%
Latvia 2025 E City Rīga
54%
Russia 2024 E Region Saratov
54%
Poland 2023 E Province Silesia
54%
North Macedonia 2021 C City Skopje
54%
Russia 2024 E Territory Stavropol
54%
Austria 2025 E State Styria
54%
Russia 2024 E Region Tula
54%
Russia 2024 E Region Tver
54%
Italy 2025 E Region Umbria
54%
Austria 2025 E State Upper Austria
54%
Bulgaria 2024 E Province Varna
54%
Ukraine 2022 E Region Zaporizhia
54%
Russia 2024 E Region Astrakhan
50%
Russia 2024 E Region Belgorod
50%
Bulgaria 2024 E Province Blagoevgrad
50%
Austria 2025 E State Carinthia
50%
Romania 2024 E County Cluj
50%
Ukraine 2022 E Region Kherson
50%
Russia 2024 E Republic Komi
50%
Slovakia 2023 E Region Košice
50%
Poland 2023 E Province Lesser Poland
50%
Italy 2025 E Region Marche
50%
Poland 2023 E Province Masovia
50%
Netherlands 2025 E Province North Brabant
50%
Russia 2024 E Region Oryol
50%
Finland 2024 E Region Southwest Finland
50%
Belarus 2023 E Region Vitebsk
50%
Poland 2023 E Province Warmia-Masuria
50%
Poland 2023 E Province West Pomerania
50%
Russia 2024 E Republic Adygea
46%
Czech Republic 2021 C Region Central Bohemia
46%
Portugal 2021 C District Coimbra
46%
Portugal 2021 C District Faro
46%
Netherlands 2025 E Province Friesland
46%
Netherlands 2025 E Province Groningen
46%
Poland 2023 E Province Holy Cross
46%
Russia 2024 E Republic Ingushetia
46%
Russia 2024 E Region Ivanovo
46%
Russia 2024 E Republic Karachay-Cherkessia
46%
Russia 2024 E Region Kirov
46%
Poland 2023 E Province Lower Silesia
46%
Poland 2023 E Province Lubusz
46%
Luxembourg 2025 E Canton Luxembourg
46%
Switzerland 2024 E Canton Luzern
46%
Russia 2024 E Republic Mari El
46%
Belarus 2023 E Region Mogilev
46%
Ukraine 2022 E Region Mykolaiv
46%
Poland 2023 E Province Opole
46%
Russia 2024 E Region Orenburg
46%
Russia 2024 E Region Penza
46%
Ukraine 2022 E Region Sumy
46%
Sweden 2024 E County Uppsala
46%
Austria 2025 E State Vorarlberg
46%
Russia 2024 E Region Yaroslavl
46%
Russia 2024 E Republic Bashkortostan
42%
Bulgaria 2024 E Province Burgas
42%
Ukraine 2022 E Region Chernihiv
42%
Romania 2024 E County Constanța
42%
Greece 2021 C Administration Epirus and Western Macedonia
42%
Russia 2024 E Region Kaluga
42%
Czech Republic 2021 C Region Liberec
42%
Slovakia 2023 E Region Nitra
42%
Russia 2024 E Region Novgorod
42%
Russia 2024 E Region Ryazan
42%
Ireland 2022 C County South Dublin
42%
Ukraine 2022 E Region Ternopil
42%
Romania 2024 E County Timiș
42%
Ukraine 2022 E Region Zakarpattia
42%
Slovakia 2023 E Region Banská Bystrica
38%
Ukraine 2022 E Region Cherkasy
38%
Russia 2024 E Republic Chuvashia
38%
Albania 2023 C County Durrës
38%
Turkey 2022 E Province Edirne
38%
Netherlands 2025 E Province Flevoland
38%
Hungary 2022 C County Győr-Moson-Sopron
38%
Russia 2024 E Region Lipetsk
38%
Russia 2024 E Republic Mordovia
38%
Czech Republic 2021 C Region Olomouc
38%
Lithuania 2024 E County Panevėžys
38%
Poland 2023 E Province Podlaskie
38%
Ukraine 2022 E Region Poltava
38%
Slovakia 2023 E Region Prešov
38%
Ukraine 2022 E Region Rivne
38%
Lithuania 2024 E County Šiauliai
38%
Poland 2023 E Province Subcarpathia
38%
Russia 2024 E Region Tambov
38%
Russia 2024 E Republic Tatarstan
38%
Ukraine 2022 E Region Vinnytsia
38%
Russia 2024 E Region Vologda
38%
Ukraine 2022 E Region Volyn
38%
Ukraine 2022 E Region Zhytomyr
38%
Austria 2025 E State Burgenland
35%
Ukraine 2022 E Region Chernivtsi
35%
Netherlands 2025 E Province Gelderland
35%
Czech Republic 2021 C Region Hradec Králové
35%
Croatia 2023 E County Istria
35%
Russia 2024 E Republic Kabardino-Balkar
35%
Russia 2024 E Republic Kalmykia
35%
Ukraine 2022 E Region Khmelnytskyi
35%
Netherlands 2025 E Province Limburg
35%
Ireland 2022 C County Meath
35%
Hungary 2022 C County Pest
35%
Portugal 2021 C District Setúbal
35%
Sweden 2024 E County Skåne
35%
Czech Republic 2021 C Region South Moravia
35%
Slovakia 2023 E Region Trenčín
35%
Slovakia 2023 E Region Trnava
35%
Russia 2024 E Region Ulyanovsk
35%
Serbia 2022 C Province Vojvodina
35%
Slovakia 2023 E Region Žilina
35%
Czech Republic 2021 C Region Zlín
35%
Portugal 2021 C District Aveiro
31%
Netherlands 2025 E Province Drenthe
31%
Sweden 2024 E County Kalmar
31%
Ukraine 2022 E Region Kirovohrad
31%
Russia 2024 E Region Kostroma
31%
Norway 2025 E County Nordland
31%
Czech Republic 2021 C Region South Bohemia
31%
Switzerland 2024 E Canton Ticino
31%
Russia 2024 E Republic Udmurtia
31%
Czech Republic 2021 C Region Ústí nad Labem
31%
Switzerland 2024 E Canton Valais
31%
Kazakhstan 2023 E Region Atyrau
27%
Romania 2024 E County Bacău
27%
Romania 2024 E County Brăila
27%
Albania 2023 C County Elbasan
27%
Ireland 2022 C County Fingal
27%
Ireland 2022 C County Kildare
27%
Czech Republic 2021 C Region Pardubice
27%
Turkey 2022 E Province Tekirdağ
27%
Hungary 2022 C County Vas
27%
Switzerland 2024 E Canton Vaud
27%
Romania 2024 E County Arad
23%
Hungary 2022 C County Békés
23%
Switzerland 2024 E Canton Fribourg
23%
Switzerland 2024 E Canton Grisons
23%
Romania 2024 E County Iași
23%
Portugal 2021 C District Leiria
23%
Sweden 2024 E County Örebro
23%
Croatia 2023 E County Osijek-Baranja
23%
Netherlands 2025 E Province Overijssel
23%
Kosovo 2024 C District Prizren
23%
Bulgaria 2024 E Province Stara Zagora
23%
Switzerland 2024 E Canton St. Gallen
23%
Romania 2024 E County Suceava
23%
Switzerland 2024 E Canton Aargau
19%
Hungary 2022 C County Bács-Kiskun
19%
Hungary 2022 C County Borsod-Abaúj-Zemplén
19%
Romania 2024 E County Brașov
19%
Hungary 2022 C County Csongrád-Csanád
19%
Ireland 2022 C County Dún Laoghaire–Rathdown
19%
Albania 2023 C County Fier
19%
Romania 2024 E County Galați
19%
Romania 2024 E County Ilfov
19%
Czech Republic 2021 C Region Karlovy Vary
19%
Turkey 2022 E Province Kırklareli
19%
Romania 2024 E County Maramureș
19%
Bulgaria 2024 E Province Pleven
19%
Portugal 2021 C District Santarém
19%
Romania 2024 E County Satu Mare
19%
Romania 2024 E County Sibiu
19%
Switzerland 2024 E Canton Solothurn
19%
Finland 2024 E Region Uusimaa
19%
Portugal 2021 C District Viseu
19%
Czech Republic 2021 C Region Vysočina
19%
Norway 2025 E County Akershus
15%
Romania 2024 E County Bihor
15%
Romania 2024 E County Botoșani
15%
Romania 2024 E County Buzău
15%
Sweden 2024 E County Gävleborg
15%
Hungary 2022 C County Hajdú-Bihar
15%
Sweden 2024 E County Halland
15%
Estonia 2025 E County Harju
15%
Bulgaria 2024 E Province Haskovo
15%
Romania 2024 E County Hunedoara
15%
Norway 2025 E County Innlandet
15%
Hungary 2022 C County Jász-Nagykun-Szolnok
15%
Sweden 2024 E County Jönköping
15%
Hungary 2022 C County Komárom-Esztergom
15%
Sweden 2024 E County Norrbotten
15%
Finland 2024 E Region North Ostrobothnia
15%
Finland 2024 E Region North Savo
15%
Sweden 2024 E County Östergötland
15%
Norway 2025 E County Rogaland
15%
Sweden 2024 E County Södermanland
15%
Hungary 2022 C County Szabolcs-Szatmár-Bereg
15%
Switzerland 2024 E Canton Thurgau
15%
Hungary 2022 C County Tolna
15%
Norway 2025 E County Trøndelag
15%
Sweden 2024 E County Värmland
15%
Sweden 2024 E County Västernorrland
15%
Sweden 2024 E County Västra Götaland
15%
Bulgaria 2024 E Province Veliko Tarnovo
15%
Norway 2025 E County Vestland
15%
Hungary 2022 C County Veszprém
15%
Portugal 2021 C District Viana do Castelo
15%
Norway 2025 E County Agder
12%
Romania 2024 E County Alba
12%
Romania 2024 E County Argeș
12%
Hungary 2022 C County Baranya
12%
Romania 2024 E County Bistrița-Năsăud
12%
Romania 2024 E County Caraș-Severin
12%
Sweden 2024 E County Dalarna
12%
Romania 2024 E County Dâmbovița
12%
Romania 2024 E County Dolj
12%
Hungary 2022 C County Fejér
12%
Romania 2024 E County Giurgiu
12%
Hungary 2022 C County Heves
12%
Sweden 2024 E County Kronoberg
12%
Romania 2024 E County Mureș
12%
Romania 2024 E County Neamț
12%
Romania 2024 E County Olt
12%
Finland 2024 E Region Pirkanmaa
12%
Romania 2024 E County Prahova
12%
Croatia 2023 E County Primorje-Gorski Kotar
12%
Serbia 2022 C District Raška
12%
Finland 2024 E Region Satakunta
12%
Hungary 2022 C County Somogy
12%
Romania 2024 E County Teleorman
12%
Romania 2024 E County Vaslui
12%
Sweden 2024 E County Västerbotten
12%
Sweden 2024 E County Västmanland
12%
Norway 2025 E County Vestfold
12%
Hungary 2022 C County Zala
12%
Norway 2025 E County Buskerud
8%
Romania 2024 E County Călărași
8%
Romania 2024 E County Gorj
8%
Romania 2024 E County Harghita
8%
Romania 2024 E County Ialomița
8%
Serbia 2022 C District Mačva
8%
Romania 2024 E County Mehedinți
8%
Norway 2025 E County Møre og Romsdal
8%
Serbia 2022 C District Nišava
8%
Norway 2025 E County Østfold
8%
Finland 2024 E Region Päijät-Häme
8%
Bulgaria 2024 E Province Pazardzhik
8%
Romania 2024 E County Sălaj
8%
Serbia 2022 C District Šumadija
8%
Romania 2024 E County Vâlcea
8%
Romania 2024 E County Vrancea
8%
Serbia 2022 C District Zlatibor
8%
Serbia 2022 C District Rasina
4%
No matching quizzes found
Score Distribution
Percent of People with Each Score
Percentile by Number Answered
Your Score History
You have not taken this quiz since the last reset